000 00647nac a22001811u 4500
020 _a8120321847
082 _a004
_bR2631
090 _c754
_d754
100 _aRay, Ajoy Kumar.
245 _aInformation Technology: Principles And Applications /
_cAjoy Kumar Ray, Tinku Acharya.
260 _aNew Delhi :
_bPrentice Hall of India,
_c2004.
300 _a602 p. :
_bill. ;
_c24 cm.
500 _aIncludes index.
650 _aInformation technology
700 _a Acharya, Tinku.
942 _cBB
_k004R2631
999 _c754
_d754